El Neoliberalismo como rompecabezas; siete piezas sueltas del rompecabezas mundial (primera parte) /
Se rememora lo que significó las Guerras Munidales para el planeta, el autor menciona que se vivió la tercera Guerra Mundial librada entre el capitalismo y el socialismo para entrar a una cuarta que es el neoliberalismo, la peor y más cruel, ya que se libra en todas partes y por todos los medios en...
Uloženo v:
| Hlavní autor: | |
|---|---|
| Médium: | Text |
| Témata: | |
| Tagy: |
Přidat tag
Žádné tagy, Buďte první, kdo vytvoří štítek k tomuto záznamu!
|
MARC
| LEADER | 00000 a a2200000 04500 | ||
|---|---|---|---|
| 001 | 17818 | ||
| 003 | |||
| 040 | |||
| 100 | |a Marcos, Subcomandante, seud. | ||
| 245 | |a El Neoliberalismo como rompecabezas; siete piezas sueltas del rompecabezas mundial (primera parte) / |c Subcomandante Marcos | ||
| 520 | |a Se rememora lo que significó las Guerras Munidales para el planeta, el autor menciona que se vivió la tercera Guerra Mundial librada entre el capitalismo y el socialismo para entrar a una cuarta que es el neoliberalismo, la peor y más cruel, ya que se libra en todas partes y por todos los medios en contra de la humanidad: se menciona la concentación de la riqueza y la destrucción de la pobreza la globalización de la explotación. La imposición de las leyes de mercado en todo el mundo, el mercado globalizado, no ha hecho sino destruir las pequeñas y medianas empresas. Al desaparecer los mercados locales y regionales, los pequeños y medianos productores se ven a sí mismo sin protecciones y sin posibilidad alguna de competir contra los gigantes transnacionales, el cual da por resultado el quiebre masivo de empresas. Un problema que tiene una difícil solución y en donde los pobres son los más afectados.HMBQ/HMBQ | ||
| 650 | |a LIBERALIZACION DEL INTERCAMBIO | ||
| 650 | |a HISTORIA | ||
| 650 | |a MERCADO | ||
| 650 | |a POBREZA | ||
| 650 | |a CAPITALISMO | ||
| 650 | |a FINANCIAMIENTO | ||
| 650 | |a ORGANISMOS ECONOMICOS INTERNACIONALES | ||
| 773 | |g volumen 21, número 258; páginas 10-14 | ||
| 999 | |c 23053 |d 23053 | ||
